000 00860nam a22002297a 4500
999 _c9008
_d9008
003 AR-CdUCM
008 190327b ||||| |||| 00| 0 spa d
040 _aMUNICIPALIDAD PROVINCIAL DEL CUSCO
_cBIBLIOTECA MUNICIPAL DEL CUSCO
082 _a150 /
_bA17
110 _aAcademia de ciencias pedagógicas de la R.S.S.F.R.
_924938
245 _aPsicología /
260 _aMexico :
_bGrijalbo,
_c1960.
300 _a571 páginas ;
_c22 cm.
505 _aObjetivos, problemas y métodos de psicología -- La actividad nerviosa superior -- Desarrollo de la psiquis, la conciencia humana -- Los fenómenos perceptivos -- Las sensaciones...
650 _aPsicología.
_91538
650 _aPsiquis.
_924939
650 _aTeoría psicológica.
_924940
700 _aSmirnov, A. A.
_924941
700 _aLeontiev, A. N.
_924942
942 _2ddc
_cLIBROS
945 _awfj